Every Pro Sports Team - Statistics

General Stats
  • This quiz has been taken 55 times
    28 since last reset
  • The average score is 65 of 124
Answer Stats
League Team % Correct
NFL New York | Jets
77%
MLB New York | Mets
77%
NHL New York | Rangers
77%
NFL San Francisco | 49ers
77%
NFL Arizona | Cardinals
69%
NFL Baltimore | Ravens
69%
NFL Carolina | Panthers
69%
MLB Chicago | White Sox
69%
MLB Cincinnati | Reds
69%
NFL Dallas | Cowboys
69%
NHL Florida | Panthers
69%
NFL Los Angeles | Rams
69%
NFL Miami | Dolphins
69%
NFL New York | Giants
69%
NHL New York | Islanders
69%
NBA New York | Knicks
69%
MLB New York | Yankees
69%
MLB San Francisco | Giants
69%
MLB Texas | Rangers
69%
MLB Arizona | Diamondbacks
62%
NHL Boston | Bruins
62%
NBA Boston | Celtics
62%
MLB Boston | Red Sox
62%
NFL Chicago | Bears
62%
NHL Chicago | Blackhawks
62%
NBA Chicago | Bulls
62%
NFL Denver | Broncos
62%
NBA Denver | Nuggets
62%
NFL Detroit | Lions
62%
NBA Golden State | Warriors
62%
NFL Green Bay | Packers
62%
NFL Kansas City | Chiefs
62%
NFL Las Vegas | Raiders
62%
NFL Los Angeles | Chargers
62%
NBA Los Angeles | Clippers
62%
MLB Los Angeles | Dodgers
62%
NHL Los Angeles | Kings
62%
NBA Los Angeles | Lakers
62%
NBA Miami | Heat
62%
NBA Minnesota | Timberwolves
62%
NFL Minnesota | Vikings
62%
NBA Philadelphia | 76ers
62%
NFL Philadelphia | Eagles
62%
NFL Seattle | Seahawks
62%
NFL Atlanta | Falcons
54%
NBA Atlanta | Hawks
54%
NBA Brooklyn | Nets
54%
NFL Buffalo | Bills
54%
NBA Charlotte | Hornets
54%
MLB Chicago | Cubs
54%
NFL Cincinnati | Bengals
54%
NFL Cleveland | Browns
54%
NBA Cleveland | Cavaliers
54%
NBA Dallas | Mavericks
54%
NHL Dallas | Stars
54%
MLB Houston | Astros
54%
NBA Houston | Rockets
54%
NFL Houston | Texans
54%
NBA Indiana | Pacers
54%
NFL Indianapolis | Colts
54%
MLB Los Angeles | Angels
54%
NFL New England | Patriots
54%
NBA New Orleans | Pelicans
54%
NBA Orlando | Magic
54%
NFL Pittsburgh | Steelers
54%
NBA Portland | Trailblazers
54%
NHL Seattle | Kraken
54%
NHL St. Louis | Blues
54%
MLB St. Louis | Cardinals
54%
MLB Toronto | Blue Jays
54%
NHL Toronto | Maple Leafs
54%
NBA Toronto | Raptors
54%
NHL Washington | Capitals
54%
NFL Washington | Commanders
54%
NBA Washington | Wizards
54%
NHL Anaheim | Ducks
46%
MLB Atlanta | Braves
46%
MLB Baltimore | Orioles
46%
NHL Carolina | Hurricanes
46%
NHL Colorado | Avalanche
46%
NBA Detroit | Pistons
46%
NHL Detroit | Red Wings
46%
MLB Detroit | Tigers
46%
NHL Edmonton | Oilers
46%
NFL Jacksonville | Jaguars
46%
NBA Memphis | Grizzlies
46%
MLB Miami | Marlins
46%
NBA Milwaukee | Bucks
46%
NHL Minnesota | Wild
46%
NHL Montreal | Canadiens
46%
NFL New Orleans | Saints
46%
NHL Philadelphia | Flyers
46%
NHL Pittsburgh | Penguins
46%
MLB Pittsburgh | Pirates
46%
MLB Seattle | Mariners
46%
NFL Tampa Bay | Buccaneers
46%
NHL Tampa Bay | Lightning
46%
NFL Tennessee | Titans
46%
NBA Utah | Jazz
46%
NHL Vancouver | Canucks
46%
MLB Washington | Nationals
46%
MLB Colorado | Rockies
38%
MLB Kansas City | Royals
38%
MLB Milwaukee | Brewers
38%
MLB Minnesota | Twins
38%
NHL Nashville | Predators
38%
NHL New Jersey | Devils
38%
NHL Ottawa | Senators
38%
MLB Philadelphia | Phillies
38%
NBA Phoenix | Suns
38%
NBA Sacramento | Kings
38%
MLB San Diego | Padres
38%
NHL San Jose | Sharks
38%
MLB Tampa Bay | Rays
38%
NHL Utah | Hockey Club
38%
NHL Winnipeg | Jets
38%
NHL Buffalo | Sabres
31%
MLB Cleveland | Guardians
31%
NHL Columbus | Blue Jackets
31%
NBA Oklahoma City | Thunder
31%
NHL Calgary | Flames
23%
NBA San Antonio | Spurs
23%
NHL Vegas | Golden Knights
23%
MLB Oakland | Athletics
15%
No matching quizzes found
Score Distribution
Percent of People with Each Score
Percentile by Number Answered
Your Score History
You have not taken this quiz since the last reset